Imagen 1 Imagen 2 Imagen 3 Imagen 4 Imagen 5 Imagen 6

Innovación & emprendimiento 1, educación secundaria (Registro nro. 53665)

Detalles MARC
000 -LEADER
campo de control de longitud fija 00838nam a22002177a 4500
003 - IDENTIFICADOR DE NÚMERO DE CONTROL
campo de control peliumch
005 - FECHA Y HORA DE LA ÚLTIMA TRANSACCIÓN
campo de control 20260303104608.0
008 - DATOS DE LONGITUD FIJA--INFORMACIÓN GENERAL
campo de control de longitud fija 260303b |||||||| |||| 00| 0 spa d
020 ## - NÚMERO INTERNACIONAL ESTÁNDAR DEL LIBRO
Número Internacional Estándar del Libro 9786125033482
040 ## - FUENTE DE CATALOGACIÓN
Lengua de catalogación SPA
Centro/agencia transcriptor UMCH
Centro/agencia modificador JCZ
Normas de descripción RDA
082 ## - NÚMERO DE LA CLASIFICACIÓN DECIMAL DEWEY
Número de clasificación TS-650.1/1°
100 ## - ENTRADA PRINCIPAL--NOMBRE DE PERSONA
Nombre de persona Ortiz Salazar, Carlos Humberto
Fechas asociadas al nombre 1955-
Término indicativo de función/relación autor.
245 ## - MENCIÓN DEL TÍTULO
Título Innovación & emprendimiento 1, educación secundaria
Resto del título libro de texto/
Mención de responsabilidad, etc. Carlos Humberto Ortiz Salazar
250 ## - MENCION DE EDICION
Mención de edición Primera edición.
260 ## - PUBLICACIÓN, DISTRIBUCIÓN, ETC.
Lugar de publicación, distribución, etc. Lima :
Nombre del editor, distribuidor, etc. Arca de Papel,
Fecha de publicación, distribución, etc. 2025
300 ## - DESCRIPCIÓN FÍSICA
Extensión 143 páginas :
Otras características físicas lustraciones (principalmente en color), retratos ;
Dimensiones 28 cm.
500 ## - NOTA GENERAL
Nota general "Se publicó en enero de 2025"--Reverso de la cubierta.
521 ## - NOTA DE PÚBLICO DESTINATARIO
Nota de público destinatario Texto para el PRIMER año de educación secundaria.
650 18 - PUNTO DE ACCESO ADICIONAL DE MATERIA--TÉRMINO DE MATERIA
Término de materia o nombre geográfico como elemento de entrada Capacidad empresarial
Subdivisión de forma -Textos escolares
Subdivisión cronológica 1° I.S.
942 ## - ELEMENTOS DE ENTRADA SECUNDARIOS (KOHA)
Fuente del sistema de clasificación o colocación Clasificación Decimal Dewey
Tipo de ítem Koha Libros
Suprimir en OPAC No
Existencias
Estatus retirado Estado de pérdida Fuente del sistema de clasificación o colocación Estado de daño No para préstamo Biblioteca de origen Biblioteca actual Fecha de adquisición Total checkouts Signatura topográfica completa Código de barras Visto por última vez Copia número Precio de reemplazo Tipo de ítem Koha
    Clasificación Decimal Dewey     Biblioteca Central Biblioteca Central 03/03/2026   TAS/ 650.1/1° 035831 03/03/2026 1 03/03/2026 Libros
    Clasificación Decimal Dewey     Biblioteca Central Biblioteca Central 03/03/2026   ts/650.1/1° 035830 03/03/2026   03/03/2026 Libros

Horarios de atención

De Lunes a Viernes de 8:00 a.m. -7:00 p.m.
Sábados de 8:00 a.m. - 5:00 p.m.



Email:
 biblioteca@umch.edu.pe

Teléfono: (01) 4490449 anexo 400 y 401
WhatsApp: +51 946 208 593